| 000 -LEADER |
| fixed length control field |
02395cam a22005057a 4500 |
| 001 - CONTROL NUMBER |
| control field |
13760923 |
| 003 - CONTROL NUMBER IDENTIFIER |
| control field |
NUST |
| 005 - DATE AND TIME OF LATEST TRANSACTION |
| control field |
20191002114709.0 |
| 008 - FIXED-LENGTH DATA ELEMENTS--GENERAL INFORMATION |
| fixed length control field |
041025s1999 dcuab g b f000 0 eng d |
| 010 ## - LIBRARY OF CONGRESS CONTROL NUMBER |
| LC control number |
99075976 |
| 020 ## - INTERNATIONAL STANDARD BOOK NUMBER |
| International Standard Book Number |
0309068576 (pbk.) |
| 035 ## - SYSTEM CONTROL NUMBER |
| System control number |
(OCoLC)ocm42871166 |
| 038 ## - RECORD CONTENT LICENSOR |
| Staff Name |
MSOHAIL |
| 040 ## - CATALOGING SOURCE |
| Original cataloging agency |
TRL |
| Transcribing agency |
TRL |
| Modifying agency |
IQU |
| -- |
DLC |
| 042 ## - AUTHENTICATION CODE |
| Authentication code |
lccopycat |
| 043 ## - GEOGRAPHIC AREA CODE |
| Geographic area code |
n-us--- |
| 050 00 - LIBRARY OF CONGRESS CALL NUMBER |
| Classification number |
TE208 |
| Item number |
.N49 1999 |
| 082 00 - DEWEY DECIMAL CLASSIFICATION NUMBER |
| Classification number |
625.735 |
| Edition number |
22 |
| 100 1# - MAIN ENTRY--PERSONAL NAME |
| Personal name |
Newcomb, David E. |
| 9 (RLIN) |
22355 |
| 245 10 - TITLE STATEMENT |
| Title |
Measuring in situ mechanical properties of pavement subgrade soils / |
| Statement of responsibility, etc. |
David E. Newcomb and Björn Birgisson. |
| 246 3# - VARYING FORM OF TITLE |
| Title proper/short title |
Measuring mechanical properties of pavement subgrade soils in situ |
| 246 30 - VARYING FORM OF TITLE |
| Title proper/short title |
Mechanical properties of pavement subgrade soils |
| 260 ## - PUBLICATION, DISTRIBUTION, ETC. |
| Place of publication, distribution, etc. |
Washington, D.C. : |
| Name of publisher, distributor, etc. |
National Academy Press, |
| Date of publication, distribution, etc. |
1999. |
| 300 ## - PHYSICAL DESCRIPTION |
| Extent |
73 p. : |
| Other physical details |
ill., maps ; |
| Dimensions |
28 cm. |
| 440 #0 - SERIES STATEMENT/ADDED ENTRY--TITLE |
| Title |
Synthesis of highway practice, |
| International Standard Serial Number |
0547-5570 ; |
| Volume/sequential designation |
278 |
| 9 (RLIN) |
22356 |
| 500 ## - GENERAL NOTE |
| General note |
"Project 20-5 FY 1996 (topic 29-08)"--T.p. verso. |
| 500 ## - GENERAL NOTE |
| General note |
At head of title: National Cooperative Highway Research Program. |
| 500 ## - GENERAL NOTE |
| General note |
"Transportation Research Board, National Research Council." |
| 500 ## - GENERAL NOTE |
| General note |
"Research sponsored by the American Association of State Highway and Transportation Officials in cooperation with the Federal Highway Administration." |
| 504 ## - BIBLIOGRAPHY, ETC. NOTE |
| Bibliography, etc. note |
Includes bibliographical references (p. 54-58). |
| 650 #0 - SUBJECT ADDED ENTRY--TOPICAL TERM |
| Topical term or geographic name entry element |
Soils |
| General subdivision |
Testing |
| -- |
Standards |
| Geographic subdivision |
United States. |
| 9 (RLIN) |
22357 |
| 650 #0 - SUBJECT ADDED ENTRY--TOPICAL TERM |
| Topical term or geographic name entry element |
Pavements |
| General subdivision |
Subgrades |
| -- |
Testing |
| -- |
Standards |
| Geographic subdivision |
United States. |
| 9 (RLIN) |
22358 |
| 650 #0 - SUBJECT ADDED ENTRY--TOPICAL TERM |
| Topical term or geographic name entry element |
Shear strength of soils |
| General subdivision |
Measurement |
| -- |
Standards |
| Geographic subdivision |
United States. |
| 9 (RLIN) |
22359 |
| 650 #0 - SUBJECT ADDED ENTRY--TOPICAL TERM |
| Topical term or geographic name entry element |
Pavements |
| General subdivision |
Design and construction |
| -- |
Standards |
| Geographic subdivision |
United States. |
| 9 (RLIN) |
22360 |
| 650 #0 - SUBJECT ADDED ENTRY--TOPICAL TERM |
| Topical term or geographic name entry element |
Soil mechanics. |
| 9 (RLIN) |
558 |
| 700 1# - ADDED ENTRY--PERSONAL NAME |
| Personal name |
Birgisson, Björn. |
| 9 (RLIN) |
22361 |
| 710 2# - ADDED ENTRY--CORPORATE NAME |
| Corporate name or jurisdiction name as entry element |
National Cooperative Highway Research Program. |
| 9 (RLIN) |
20864 |
| 710 2# - ADDED ENTRY--CORPORATE NAME |
| Corporate name or jurisdiction name as entry element |
National Research Council (U.S.). |
| Subordinate unit |
Transportation Research Board. |
| 9 (RLIN) |
22362 |
| 710 2# - ADDED ENTRY--CORPORATE NAME |
| Corporate name or jurisdiction name as entry element |
American Association of State Highway and Transportation Officials. |
| 9 (RLIN) |
19553 |
| 710 1# - ADDED ENTRY--CORPORATE NAME |
| Corporate name or jurisdiction name as entry element |
United States. |
| Subordinate unit |
Federal Highway Administration. |
| 9 (RLIN) |
20149 |
| 856 41 - ELECTRONIC LOCATION AND ACCESS |
| Materials specified |
Table of contents |
| Uniform Resource Identifier |
<a href="http://www.loc.gov/catdir/toc/fy0605/99075976.html">http://www.loc.gov/catdir/toc/fy0605/99075976.html</a> |
| 906 ## - LOCAL DATA ELEMENT F, LDF (RLIN) |
| a |
7 |
| b |
cbc |
| c |
copycat |
| d |
2 |
| e |
epcn |
| f |
20 |
| g |
y-gencatlg |
| 942 ## - ADDED ENTRY ELEMENTS (KOHA) |
| Source of classification or shelving scheme |
|
| Koha item type |
Book |